000 00499nam a2200193Ia 4500
003 OSt
005 20231204102226.0
008 210210b1981 xxu||||| |||| 00| 0 eng d
040 _cAL
041 _aEnglish
082 _a820.43 VARP
100 _aVARMA (C R Kerala)
_9144170
245 _aPosthuymous papers: a selection of essays and short stories
260 _aCochin
_bP R Ravi Varma
_c1981
300 _a115
690 _aIndian English Prose
_9144180
906 _a037840
942 _2ddc
_cBK
999 _c88028
_d88028